Medzinárodná štúdia zistila, že rutinná liečba poranenia hlavy môže byť škodlivá

Podrobná bibliografia
Hlavný autor: Trenkler, Štefan, 1949- (Autor)
Médium: Článok
Jazyk:slovenčina
ISSN:1335-0951
Predmet:

MARC

LEADER 00000nab a2200000 a 4500
001 vtls001564157
003 SK-MaSNL
005 20260304171908.0
008 250505c2004 xo 0 slo
015 |a SNBCL2005/2 
035 |a SLK031068 
035 |a urn:nbn:sk:snk-ab2z76 
035 |a (urnnbn)urn:nbn:sk:snk:ar-a035an 
035 |a (uuid)dac6dbb3-6295-41a4-bd78-ae027af60d69 
040 |a SNKBUCL  |b slo  |c SNKBUCL  |e AACR2 
041 0 |a slo 
044 |a xo  |c SK 
080 |a 616.831-08  |2 1981 
100 1 |a Trenkler, Štefan,  |d 1949-  |4 aut  |9 73171 
245 1 0 |a Medzinárodná štúdia zistila, že rutinná liečba poranenia hlavy môže byť škodlivá  |c Štefan Trenkler 
650 0 7 |a poranenia hlavy, zatvorené  |2 MESH  |9 1500856 
650 0 7 |a prežívanie  |2 MESH  |9 448523 
650 0 7 |a hormóny kôry nadobličiek  |2 MESH  |9 16319 
650 0 7 |a faktory rizikové  |2 MESH  |9 838956 
650 0 7 |a intenzívna starostlivosť  |2 MESH  |9 66540 
650 0 7 |a štúdie kontrolované randomizované  |2 MESH  |9 1137119 
773 0 |t Medicínsky monitor  |g Č. 6 (2004), s. 20  |x 1335-0951 
850 |a Slovenská národná knižnica 
852 |a Slovenská národná knižnica 
954 |a odborná, vedecká literatúra pôvodná (slovenská)  |2 lita 
958 |a article2022 
958 |a OND 
958 |a EUIPO 
999 |c 2995461  |d 2997391